000 01997nam0a2200409 4500
001 RU\NLR\bibl\1091459
005 20260405132225.0
021 _aRU
_b2007-26325
_91401
035 _a(nilc)RSL-KNO-003113161
035 _a(NLR Aleph) 001078591
090 _a1043992
_c1043992
100 _a20070514d2006 |||y0rusy50 ca
101 0 _arus
102 _aRU
105 _aa z |||||
200 1 _aСистемы спутникового и кабельного телевидения
_eучебное пособие
_fА. К. Сенаторов, Л. Н. Никитин
_gГОУВПО "Воронежский гос. технический ун-т"
210 _aВоронеж
_cВоронежский гос. технический ун-т
_d2006
215 _a273, [1] с.
_cил., табл.
_d21
320 _aБиблиогр. в конце кн.
606 1 _aСпутниковое телевидение
_jУчебные издания для высших учебных заведений
_92109529
_3RU\NLR\auth\661275032
606 1 _aКабельное телевидение
_jУчебные издания для высших учебных заведений
_92096596
_3RU\NLR\auth\661268479
610 0 _aТелевидение -- Учебник для высшей школы
610 0 _aспутниковое телевидение
610 0 _aкабельное телевидение
610 0 _aтелевизионное оборудование
686 _aЗ94я73-1
_2rubbk
686 _aЗ949.6я73-1
686 _aЗ947я73-1
700 1 _aСенаторов
_bА. К.
_gАлександр Константинович
_4070
701 1 _4070
_8rus
_7ca
_aНикитин
_bЛ. Н.
_cканд. техн. наук
_gЛеонид Николаевич
_3RU\NLR\auth\7753095
_936028
801 0 _aRU
_bРКП
_c20070514
_grcr
801 1 _aRU
_bРГБ
_c20070514
801 2 _aRU
_bNLR
_c20070528
_grcr
942 _cBOOK
980 _aNB
980 _aNBR